[Event "Druzheskij Blitz (3+2) turnir ¹3 na Iristonskoj 06.10.2019g."]
[Site "VLADIKAVKAZ"]
[Date "2019.10.06"]
[Round "5.5"]
[White "Basiev, Georgiy"]
[Black "Tsamaladze, Pavel"]
[Result "1-0"]
[TimeControl "3' + 2\""]
[WhiteElo "1424"]
[BlackElo "1141"]

1. d4 {[%clk 00:03:03]} {[%emt 00:01:20]} e6 {[%clk 00:03:03]} {[%emt
00:00:01]} 2. Nf3 {[%clk 00:03:04]} {[%emt 00:00:02]} Be7 {[%clk 00:03:04]} 3.
Bf4 {[%clk 00:03:03]} {[%emt 00:00:03]} Nf6 {[%clk 00:03:05]} {[%emt 00:00:01]}
4. e3 {[%clk 00:03:04]} {[%emt 00:00:02]} c5 {[%clk 00:03:06]} {[%emt
00:00:01]} 5. c3 {[%clk 00:03:05]} Nc6 {[%clk 00:03:07]} 6. Bd3 {[%clk
00:03:04]} {[%emt 00:00:03]} d5 {[%clk 00:03:08]} 7. Nbd2 {[%clk 00:03:03]}
{[%emt 00:00:04]} O-O {[%clk 00:03:08]} {[%emt 00:00:02]} 8. O-O {[%clk
00:03:03]} {[%emt 00:00:02]} h6 {[%clk 00:03:10]} {[%emt 00:00:01]} 9. h3
{[%clk 00:03:03]} Re8 {[%clk 00:03:11]} {[%emt 00:00:01]} 10. Ne5 {[%clk
00:03:03]} {[%emt 00:00:02]} Nxe5 {[%clk 00:03:03]} {[%emt 00:00:09]} 11. Bxe5
{[%clk 00:03:03]} {[%emt 00:00:02]} Nd7 {[%clk 00:02:55]} {[%emt 00:00:11]} 12.
Bg3 {[%clk 00:03:00]} {[%emt 00:00:04]} b6 {[%clk 00:02:54]} {[%emt 00:00:03]}
13. a4 {[%clk 00:03:00]} {[%emt 00:00:03]} Bb7 {[%clk 00:02:53]} {[%emt
00:00:04]} 14. a5 {[%clk 00:02:58]} {[%emt 00:00:03]} Qc8 {[%clk 00:02:33]}
{[%emt 00:00:23]} 15. Bb1 {[%clk 00:02:56]} {[%emt 00:00:04]} Bd8 {[%clk
00:02:16]} {[%emt 00:00:18]} 16. Qc2 {[%clk 00:02:57]} {[%emt 00:00:01]} Nf6
{[%clk 00:02:10]} {[%emt 00:00:08]} 17. Be5 {[%clk 00:02:56]} {[%emt 00:00:03]}
g6 {[%clk 00:02:05]} {[%emt 00:00:08]} 18. h4 {[%clk 00:02:53]} {[%emt
00:00:05]} Nd7 {[%clk 00:01:59]} {[%emt 00:00:08]} 19. h5 {[%clk 00:02:38]}
{[%emt 00:00:17]} Nxe5 {[%clk 00:01:50]} {[%emt 00:00:12]} 20. dxe5 {[%clk
00:02:39]} {[%emt 00:00:01]} Qc7 {[%clk 00:01:02]} {[%emt 00:00:50]} 21. hxg6
{[%clk 00:02:33]} {[%emt 00:00:08]} f5 {[%clk 00:00:55]} {[%emt 00:00:09]} 22.
exf6 {[%clk 00:02:29]} {[%emt 00:00:06]} Bxf6 {[%clk 00:00:55]} {[%emt
00:00:02]} 23. g7 {[%clk 00:02:22]} {[%emt 00:00:09]} Qxg7 {[%clk 00:00:54]}
{[%emt 00:00:03]} 24. a6 {[%clk 00:01:41]} {[%emt 00:00:43]} Bc6 {[%clk
00:00:54]} {[%emt 00:00:02]} 25. Qg6 {[%clk 00:00:50]} {[%emt 00:00:52]} Qxg6
{[%clk 00:00:52]} {[%emt 00:00:04]} 26. Bxg6 {[%clk 00:00:51]} {[%emt
00:00:01]} Re7 {[%clk 00:00:53]} {[%emt 00:00:02]} 27. e4 {[%clk 00:00:30]}
{[%emt 00:00:22]} Rg7 {[%clk 00:00:53]} {[%emt 00:00:02]} 28. exd5 {[%clk
00:00:19]} {[%emt 00:00:13]} Bxd5 {[%clk 00:00:52]} {[%emt 00:00:04]} 29. Be4
{[%clk 00:00:19]} Bxe4 {[%clk 00:00:49]} {[%emt 00:00:05]} 30. Nxe4 {[%clk
00:00:20]} {[%emt 00:00:01]} Kf7 {[%clk 00:00:46]} {[%emt 00:00:06]} 31. Rad1
{[%clk 00:00:17]} {[%emt 00:00:04]} Rd8 {[%clk 00:00:34]} {[%emt 00:00:14]} 32.
Nd6+ {[%clk 00:00:11]} {[%emt 00:00:08]} Ke7 {[%clk 00:00:31]} {[%emt
00:00:05]} 33. Nb5 {[%clk 00:00:12]} {[%emt 00:00:01]} Kf7 {[%clk 00:00:32]}
{[%emt 00:00:01]} 34. Nxa7 {[%clk 00:00:07]} {[%emt 00:00:06]} Ra8 {[%clk
00:00:26]} {[%emt 00:00:08]} 35. Rd7+ {[%clk 00:00:07]} {[%emt 00:00:03]} Kg6
{[%clk 00:00:27]} {[%emt 00:00:01]} 36. Rxg7+ {[%clk 00:00:04]} {[%emt
00:00:05]} Kxg7 {[%clk 00:00:29]} 37. Nb5 {[%clk 00:00:04]} {[%emt 00:00:02]}
Rxa6 {[%clk 00:00:29]} {[%emt 00:00:01]} 38. Nc7 {[%clk 00:00:04]} {[%emt
00:00:02]} Ra7 {[%clk 00:00:31]} 39. Nxe6+ {[%clk 00:00:04]} {[%emt 00:00:01]}
Kf7 {[%clk 00:00:32]} {[%emt 00:00:01]} 40. Nf4 {[%clk 00:00:05]} {[%emt
00:00:01]} Bg5 {[%clk 00:00:33]} {[%emt 00:00:01]} 41. g3 {[%clk 00:00:06]}
{[%emt 00:00:02]} Bxf4 {[%clk 00:00:30]} {[%emt 00:00:04]} 42. gxf4 {[%clk
00:00:07]} Kf6 {[%clk 00:00:32]} 43. Kg2 {[%clk 00:00:08]} Kf5 {[%clk
00:00:31]} {[%emt 00:00:02]} 44. Kf3 {[%clk 00:00:09]} Ra2 {[%clk 00:00:29]}
{[%emt 00:00:04]} 45. Rh1 {[%clk 00:00:09]} {[%emt 00:00:03]} Kg6 {[%clk
00:00:29]} {[%emt 00:00:03]} 46. b4 {[%clk 00:00:07]} {[%emt 00:00:03]} cxb4
{[%clk 00:00:29]} {[%emt 00:00:01]} 47. cxb4 {[%clk 00:00:08]} {[%emt
00:00:01]} Rb2 {[%clk 00:00:31]} 48. Ra1 {[%clk 00:00:05]} {[%emt 00:00:06]}
Rxb4 {[%clk 00:00:31]} {[%emt 00:00:01]} 49. Ra6 {[%clk 00:00:06]} Kf5 {[%clk
00:00:32]} {[%emt 00:00:02]} 50. Ra8 {[%clk 00:00:03]} {[%emt 00:00:04]} Rxf4+
{[%clk 00:00:32]} {[%emt 00:00:02]} 51. Kg2 {[%clk 00:00:04]} {[%emt 00:00:01]}
Rb4 {[%clk 00:00:33]} {[%emt 00:00:02]} 52. Rf8+ {[%clk 00:00:05]} {[%emt
00:00:02]} Ke5 {[%clk 00:00:33]} {[%emt 00:00:02]} 53. Rh8 {[%clk 00:00:05]}
{[%emt 00:00:01]} Rh4 {[%clk 00:00:33]} {[%emt 00:00:02]} 54. Rb8 {[%clk
00:00:06]} {[%emt 00:00:01]} Rb4 {[%clk 00:00:33]} {[%emt 00:00:03]} 55. Rh8
{[%clk 00:00:06]} {[%emt 00:00:01]} Rh4 {[%clk 00:00:33]} {[%emt 00:00:02]} 56.
Rb8 {[%emt 00:00:03]} Rg4+ {[%clk 00:00:32]} {[%emt 00:00:03]} 57. Kf3 {[%clk
00:00:07]} {[%emt 00:00:02]} Rg6 {[%clk 00:00:33]} 58. Ke3 {[%clk 00:00:07]}
{[%emt 00:00:02]} Kd5 {[%clk 00:00:34]} 59. f4 {[%clk 00:00:07]} {[%emt
00:00:02]} Kc5 {[%clk 00:00:28]} {[%emt 00:00:08]} 60. Ke4 {[%clk 00:00:08]}
{[%emt 00:00:01]} Kd6 {[%clk 00:00:19]} {[%emt 00:00:11]} 61. Kf5 {[%clk
00:00:09]} {[%emt 00:00:02]} Rg7 {[%clk 00:00:15]} {[%emt 00:00:05]} 62. Rxb6+
{[%clk 00:00:08]} {[%emt 00:00:02]} Ke7 {[%clk 00:00:17]} 63. Rxh6 {[%clk
00:00:08]} {[%emt 00:00:02]} Kf7 {[%clk 00:00:18]} {[%emt 00:00:01]} 64. Rf6+
{[%clk 00:00:09]} {[%emt 00:00:01]} Ke7 {[%clk 00:00:19]} {[%emt 00:00:01]} 65.
Ke5 {[%clk 00:00:09]} {[%emt 00:00:01]} Rh7 {[%clk 00:00:15]} {[%emt 00:00:04]}
66. Ra6 {[%clk 00:00:08]} {[%emt 00:00:03]} Rh5+ {[%clk 00:00:18]} 67. f5
{[%clk 00:00:09]} {[%emt 00:00:01]} Rh1 {[%clk 00:00:17]} {[%emt 00:00:03]} 68.
Ra7+ {[%clk 00:00:09]} {[%emt 00:00:02]} Kf8 {[%clk 00:00:18]} {[%emt
00:00:01]} 69. Kf6 {[%clk 00:00:10]} Ke8 {[%clk 00:00:17]} {[%emt 00:00:03]} 70.
Ra8+ {[%clk 00:00:10]} {[%emt 00:00:03]} Kd7 {[%clk 00:00:19]} 71. Ra2 {[%clk
00:00:08]} {[%emt 00:00:04]} Ke8 {[%clk 00:00:19]} {[%emt 00:00:02]} 72. Re2+
{[%clk 00:00:08]} {[%emt 00:00:02]} Kf8 {[%clk 00:00:15]} {[%emt 00:00:04]} 73.
Rd2 {[%clk 00:00:07]} {[%emt 00:00:04]} Ke8 {[%clk 00:00:17]} {[%emt 00:00:01]}
74. Re2+ {[%clk 00:00:08]} {[%emt 00:00:01]} Kf8 {[%clk 00:00:18]} {[%emt
00:00:01]} 75. Ke6 {[%clk 00:00:09]} Rh6+ {[%clk 00:00:18]} {[%emt 00:00:02]}
76. f6 {[%clk 00:00:09]} {[%emt 00:00:01]} Ke8 {[%clk 00:00:13]} {[%emt
00:00:06]} 77. Ra2 {[%clk 00:00:09]} {[%emt 00:00:02]} Kd8 {[%clk 00:00:13]}
{[%emt 00:00:03]} 78. Ra8+ {[%clk 00:00:09]} Kc7 {[%clk 00:00:15]} 79. Rg8
{[%clk 00:00:08]} {[%emt 00:00:04]} Kc6 {[%clk 00:00:06]} {[%emt 00:00:11]} 80.
Ke7 {[%clk 00:00:08]} {[%emt 00:00:02]} Rh1 {[%clk 00:00:05]} {[%emt 00:00:03]}
81. f7 {[%clk 00:00:08]} {[%emt 00:00:02]} Re1+ {[%clk 00:00:06]} {[%emt
00:00:01]} 82. Kd8 {[%clk 00:00:05]} {[%emt 00:00:03]} Rd1+ {[%clk 00:00:03]}
{[%emt 00:00:06]} 83. Kc8 {[%clk 00:00:05]} {[%emt 00:00:02]} Kb6 {[%clk
00:00:04]} {[%emt 00:00:02]} 84. f8=Q {[%clk 00:00:04]} {[%emt 00:00:02]} Rc1+
{[%clk 00:00:05]} {[%emt 00:00:01]} 85. Kb8 {[%clk 00:00:05]} {[%emt 00:00:01]}
Ka5 {[%clk 00:00:04]} {[%emt 00:00:03]} 86. Qf5+ {[%clk 00:00:05]} {[%emt
00:00:02]} Ka4 {[%clk 00:00:05]} 87. Qf4+ {[%clk 00:00:06]} {[%emt 00:00:01]}
Ka5 {[%clk 00:00:05]} {[%emt 00:00:02]} 88. Qxc1 {[%emt 00:00:01]} Ka4 89. Rg5
{[%clk 00:00:04]} {[%emt 00:00:02]} Kb3 {[%clk 00:00:05]} {[%emt 00:00:02]} 90.
Qd2 {[%clk 00:00:05]} {[%emt 00:00:02]} Kc4 {[%clk 00:00:06]} {[%emt 00:00:01]}
91. Re5 {[%clk 00:00:04]} {[%emt 00:00:02]} Kb3 {[%clk 00:00:06]} {[%emt
00:00:02]} 92. Qd4 {[%clk 00:00:04]} {[%emt 00:00:02]} Kc2 {[%clk 00:00:07]}
{[%emt 00:00:02]} 93. Re2+ {[%clk 00:00:04]} {[%emt 00:00:02]} Kb3 {[%clk
00:00:07]} {[%emt 00:00:01]} 94. Qd3+ {[%clk 00:00:05]} Kb4 {[%clk 00:00:08]}
{[%emt 00:00:01]} 95. Re4+ {[%clk 00:00:06]} Kc5 {[%clk 00:00:09]} {[%emt
00:00:02]} 96. Qd4+ {[%clk 00:00:06]} {[%emt 00:00:02]} Kc6 {[%clk 00:00:10]}
{[%emt 00:00:01]} 97. Re6+ {[%clk 00:00:06]} {[%emt 00:00:02]} Kb5 {[%clk
00:00:10]} {[%emt 00:00:01]} 98. Kb7 {[%clk 00:00:06]} {[%emt 00:00:03]} Ka5
{[%clk 00:00:11]} {[%emt 00:00:02]} 99. Qc5+ {[%clk 00:00:05]} {[%emt
00:00:03]} Ka4 {[%clk 00:00:12]} 100. Ra6+ {[%clk 00:00:06]} {[%emt 00:00:01]}
Kb3 {[%clk 00:00:13]} 101. Qb5+ {[%clk 00:00:06]} {[%emt 00:00:02]} Kc3 {[%clk
00:00:14]} 102. Rc6+ {[%clk 00:00:07]} {[%emt 00:00:01]} Kd4 {[%clk 00:00:15]}
103. Qb4+ {[%clk 00:00:08]} Kd5 {[%clk 00:00:15]} {[%emt 00:00:01]} 104. Qd6+
{[%clk 00:00:07]} {[%emt 00:00:04]} Ke4 {[%clk 00:00:16]} 105. Rc4+ {[%clk
00:00:08]} {[%emt 00:00:01]} Ke3 {[%clk 00:00:17]} 106. Qd5 {[%clk 00:00:07]}
{[%emt 00:00:02]} Ke2 {[%clk 00:00:16]} {[%emt 00:00:03]} 107. Qd4 {[%clk
00:00:08]} {[%emt 00:00:02]} Ke1 {[%clk 00:00:16]} {[%emt 00:00:02]} 108. Rc2
{[%clk 00:00:08]} {[%emt 00:00:02]} Kf1 {[%clk 00:00:15]} {[%emt 00:00:03]} 109.
Qd1# {[%clk 00:00:09]} {[%emt 00:00:01]} 1-0

[Event "Druzheskij Blitz (3+2) turnir ¹3 na Iristonskoj 06.10.2019g."]
[Site "VLADIKAVKAZ"]
[Date "2019.10.06"]
[Round "6.1"]
[White "Morozov, Vadim"]
[Black "Tsamaladze, Pavel"]
[Result "1-0"]
[TimeControl "3' + 2\""]
[WhiteElo "1870"]
[BlackElo "1141"]

1. c4 {[%clk 00:03:02]} {[%emt 00:00:02]} e6 {[%clk 00:03:03]} {[%emt
00:00:02]} 2. e4 {[%clk 00:03:03]} Be7 {[%clk 00:03:03]} {[%emt 00:00:02]} 3.
Nc3 {[%clk 00:03:03]} {[%emt 00:00:02]} Nf6 {[%clk 00:03:04]} 4. e5 {[%clk
00:03:05]} Ng8 {[%clk 00:03:03]} {[%emt 00:00:02]} 5. Qg4 {[%clk 00:03:00]}
{[%emt 00:00:07]} Bf8 {[%clk 00:02:51]} {[%emt 00:00:14]} 6. d4 {[%clk
00:03:00]} {[%emt 00:00:02]} Nc6 {[%clk 00:02:50]} {[%emt 00:00:03]} 7. Nf3
{[%clk 00:02:43]} {[%emt 00:00:18]} d6 {[%clk 00:02:26]} {[%emt 00:00:26]} 8.
Be2 {[%clk 00:02:25]} {[%emt 00:00:21]} dxe5 {[%clk 00:01:58]} {[%emt
00:00:31]} 9. dxe5 {[%emt 00:00:01]} Nge7 10. Bg5 {[%clk 00:02:22]} {[%emt
00:00:04]} Nxe5 {[%clk 00:01:17]} {[%emt 00:00:45]} 11. Nxe5 {[%clk 00:02:23]}
{[%emt 00:00:02]} f6 {[%clk 00:01:18]} 12. Qh5+ {[%clk 00:02:22]} {[%emt
00:00:02]} g6 {[%clk 00:01:12]} {[%emt 00:00:09]} 13. Nxg6 {[%clk 00:02:09]}
{[%emt 00:00:15]} Nxg6 {[%clk 00:01:06]} {[%emt 00:00:08]} 14. Rd1 {[%clk
00:01:51]} {[%emt 00:00:21]} Qe7 {[%clk 00:01:02]} {[%emt 00:00:06]} 15. Bh4
{[%clk 00:01:46]} {[%emt 00:00:07]} Qf7 {[%clk 00:00:43]} {[%emt 00:00:20]} 16.
O-O {[%clk 00:01:31]} {[%emt 00:00:17]} Nxh4 {[%clk 00:00:43]} {[%emt
00:00:02]} 17. Qxh4 {[%clk 00:01:31]} {[%emt 00:00:01]} Bg7 {[%clk 00:00:42]}
{[%emt 00:00:02]} 18. Bh5 {[%clk 00:01:32]} {[%emt 00:00:02]} Ke7 {[%clk
00:00:38]} {[%emt 00:00:06]} 19. Bxf7 {[%clk 00:01:31]} {[%emt 00:00:03]} Kxf7
{[%clk 00:00:39]} 20. Nb5 {[%clk 00:01:28]} {[%emt 00:00:05]} c6 {[%clk
00:00:36]} {[%emt 00:00:06]} 21. Nd6+ {[%clk 00:01:29]} {[%emt 00:00:01]} Ke7
{[%clk 00:00:34]} {[%emt 00:00:03]} 22. Rfe1 {[%clk 00:01:21]} {[%emt
00:00:10]} b6 {[%clk 00:00:24]} {[%emt 00:00:13]} 23. Nf5+ {[%clk 00:01:18]}
{[%emt 00:00:04]} Kf7 {[%clk 00:00:23]} {[%emt 00:00:02]} 24. Nxg7 {[%clk
00:01:13]} {[%emt 00:00:08]} Kxg7 {[%clk 00:00:25]} 25. Qg3+ {[%clk 00:01:11]}
{[%emt 00:00:04]} Kf7 {[%clk 00:00:26]} 26. Qc7+ {[%clk 00:01:11]} Kg6 {[%clk
00:00:26]} {[%emt 00:00:02]} 27. Qxc6 {[%clk 00:01:04]} {[%emt 00:00:09]} Ba6
{[%clk 00:00:28]} 28. Qxe6 {[%clk 00:01:01]} {[%emt 00:00:05]} Rae8 {[%clk
00:00:27]} {[%emt 00:00:03]} 29. Qxe8+ {[%clk 00:01:00]} {[%emt 00:00:03]} Rxe8
{[%clk 00:00:28]} {[%emt 00:00:01]} 30. Rxe8 {[%clk 00:01:00]} {[%emt
00:00:02]} Bxc4 {[%clk 00:00:29]} {[%emt 00:00:01]} 31. b3 {[%clk 00:01:01]}
{[%emt 00:00:01]} Bf7 {[%clk 00:00:28]} {[%emt 00:00:02]} 32. Re7 {[%clk
00:01:01]} {[%emt 00:00:02]} a6 {[%clk 00:00:23]} {[%emt 00:00:08]} 33. Rxf7
{[%clk 00:01:02]} Kxf7 {[%clk 00:00:24]} {[%emt 00:00:01]} 34. Rd7+ {[%clk
00:01:03]} Kg6 {[%clk 00:00:21]} {[%emt 00:00:05]} 35. Rb7 {[%clk 00:01:04]} b5
{[%clk 00:00:21]} {[%emt 00:00:02]} 36. Rb6 {[%clk 00:01:04]} {[%emt 00:00:02]}
a5 {[%clk 00:00:22]} 37. Rxb5 {[%clk 00:01:05]} {[%emt 00:00:01]} a4 {[%clk
00:00:23]} 38. bxa4 {[%clk 00:01:06]} {[%emt 00:00:01]} h6 {[%clk 00:00:23]}
{[%emt 00:00:01]} 39. a5 {[%clk 00:01:07]} f5 {[%clk 00:00:23]} {[%emt
00:00:02]} 40. f4 {[%clk 00:01:08]} {[%emt 00:00:01]} h5 {[%clk 00:00:23]} 41.
Rb6+ {[%clk 00:01:08]} {[%emt 00:00:02]} Kf7 {[%clk 00:00:23]} {[%emt
00:00:01]} 42. a6 {[%clk 00:01:10]} h4 {[%clk 00:00:24]} {[%emt 00:00:02]} 43.
a7 {[%clk 00:01:11]} h3 {[%clk 00:00:25]} {[%emt 00:00:01]} 44. a8=Q {[%clk
00:01:10]} {[%emt 00:00:02]} hxg2 {[%clk 00:00:26]} {[%emt 00:00:02]} 45. Qa7+
{[%clk 00:01:11]} {[%emt 00:00:01]} Ke8 {[%clk 00:00:25]} {[%emt 00:00:03]} 46.
Rb8# {[%clk 00:01:12]} {[%emt 00:00:01]} Ke7 {[%emt 00:00:04]} 1-0

[Event "Druzheskij Blitz (3+2) turnir ¹3 na Iristonskoj 06.10.2019g."]
[Site "VLADIKAVKAZ"]
[Date "2019.10.06"]
[Round "6.2"]
[White "Storozhenko, Mihail"]
[Black "Basiev, Georgiy"]
[Result "0-1"]
[TimeControl "3' + 2\""]
[WhiteElo "1061"]
[BlackElo "1424"]

1. e4 {[%clk 00:03:03]} c5 {[%clk 00:03:03]} {[%emt 00:00:02]} 2. Nf3 {[%clk
00:03:03]} {[%emt 00:00:02]} d6 {[%clk 00:03:04]} 3. d4 {[%clk 00:03:03]}
{[%emt 00:00:03]} cxd4 {[%clk 00:03:04]} {[%emt 00:00:04]} 4. Nxd4 {[%clk
00:02:58]} {[%emt 00:00:06]} Nf6 {[%clk 00:03:05]} {[%emt 00:00:02]} 5. Nc3
{[%clk 00:02:55]} {[%emt 00:00:03]} g6 {[%clk 00:03:06]} {[%emt 00:00:02]} 6.
Bf4 {[%clk 00:02:47]} {[%emt 00:00:09]} Bg7 {[%clk 00:03:07]} {[%emt 00:00:01]}
7. Bb5+ {[%clk 00:02:43]} {[%emt 00:00:07]} Nbd7 {[%clk 00:03:06]} {[%emt
00:00:03]} 8. O-O {[%clk 00:02:34]} {[%emt 00:00:11]} a6 {[%clk 00:03:07]} 9.
Ba4 {[%clk 00:02:32]} {[%emt 00:00:05]} b5 {[%clk 00:03:08]} 10. Bb3 {[%clk
00:02:30]} {[%emt 00:00:04]} Bb7 {[%clk 00:02:51]} {[%emt 00:00:18]} 11. Re1
{[%clk 00:02:06]} {[%emt 00:00:25]} O-O {[%clk 00:02:48]} {[%emt 00:00:05]} 12.
e5 {[%clk 00:01:50]} {[%emt 00:00:19]} dxe5 {[%clk 00:02:48]} {[%emt 00:00:02]}
13. Bxe5 {[%clk 00:01:50]} {[%emt 00:00:01]} Nxe5 {[%clk 00:02:47]} {[%emt
00:00:03]} 14. Rxe5 {[%clk 00:01:47]} {[%emt 00:00:05]} Ne4 {[%clk 00:02:05]}
{[%emt 00:00:44]} 15. Qf3 {[%clk 00:01:06]} {[%emt 00:00:43]} Bxe5 {[%clk
00:01:46]} {[%emt 00:00:21]} 16. Nxe4 {[%clk 00:00:45]} {[%emt 00:00:23]} Bxe4
{[%clk 00:01:31]} {[%emt 00:00:17]} 17. Qxe4 {[%clk 00:00:45]} {[%emt
00:00:02]} Qxd4 {[%clk 00:01:31]} {[%emt 00:00:01]} 18. Bxf7+ {[%clk 00:00:18]}
{[%emt 00:00:29]} Rxf7 {[%clk 00:01:30]} {[%emt 00:00:03]} 19. Qxa8+ {[%clk
00:00:18]} {[%emt 00:00:02]} Kg7 {[%clk 00:01:27]} {[%emt 00:00:04]} 20. Qxa6
{[%clk 00:00:15]} {[%emt 00:00:07]} Qxf2+ {[%clk 00:01:27]} {[%emt 00:00:02]}
21. Kh1 {[%clk 00:00:11]} {[%emt 00:00:06]} Qf1+ {[%clk 00:01:28]} {[%emt
00:00:01]} 22. Rxf1 {[%clk 00:00:12]} {[%emt 00:00:01]} Rxf1# {[%clk 00:01:29]}
{[%emt 00:00:01]} 0-1

[Event "Druzheskij Blitz (3+2) turnir ¹3 na Iristonskoj 06.10.2019g."]
[Site "VLADIKAVKAZ"]
[Date "2019.10.06"]
[Round "6.3"]
[White "Gaboev, Batraz"]
[Black "Koraev, Kazbek"]
[Result "1-0"]
[TimeControl "3' + 2\""]
[WhiteElo "1987"]
[BlackElo "1755"]

1. g3 {[%clk 00:03:03]} Nf6 {[%clk 00:03:01]} {[%emt 00:00:03]} 2. Bg2 {[%clk
00:03:04]} g6 {[%clk 00:03:01]} {[%emt 00:00:03]} 3. e4 {[%clk 00:03:05]} d6
{[%clk 00:03:02]} {[%emt 00:00:02]} 4. d4 {[%clk 00:03:06]} Bg7 {[%clk
00:03:01]} {[%emt 00:00:04]} 5. Ne2 {[%clk 00:03:08]} O-O {[%emt 00:00:06]} 6.
Nbc3 {[%emt 00:00:03]} e5 {[%clk 00:02:47]} {[%emt 00:00:10]} 7. h3 {[%clk
00:03:09]} {[%emt 00:00:03]} c6 {[%clk 00:02:42]} {[%emt 00:00:08]} 8. a4
{[%clk 00:03:10]} a5 {[%clk 00:02:38]} {[%emt 00:00:06]} 9. Be3 {[%clk
00:03:11]} {[%emt 00:00:01]} Na6 {[%clk 00:02:34]} {[%emt 00:00:05]} 10. Qd2
{[%clk 00:03:12]} Re8 {[%clk 00:02:33]} {[%emt 00:00:05]} 11. g4 {[%clk
00:03:10]} {[%emt 00:00:04]} Qc7 {[%clk 00:02:27]} {[%emt 00:00:07]} 12. Ng3
{[%clk 00:03:05]} {[%emt 00:00:07]} Be6 {[%clk 00:02:19]} {[%emt 00:00:10]} 13.
d5 {[%clk 00:02:53]} {[%emt 00:00:14]} cxd5 {[%clk 00:02:15]} {[%emt 00:00:07]}
14. exd5 {[%clk 00:02:54]} Bd7 {[%clk 00:02:11]} {[%emt 00:00:06]} 15. g5
{[%clk 00:02:28]} {[%emt 00:00:28]} Nh5 {[%clk 00:01:58]} {[%emt 00:00:15]} 16.
Nxh5 {[%clk 00:02:28]} {[%emt 00:00:01]} gxh5 {[%clk 00:01:59]} {[%emt
00:00:01]} 17. Ne4 {[%clk 00:02:29]} {[%emt 00:00:01]} Bf5 {[%clk 00:01:46]}
{[%emt 00:00:15]} 18. O-O {[%clk 00:02:21]} {[%emt 00:00:11]} Bxe4 {[%clk
00:01:43]} {[%emt 00:00:04]} 19. Bxe4 {[%clk 00:02:22]} {[%emt 00:00:01]} Qd7
{[%clk 00:01:42]} {[%emt 00:00:04]} 20. Kg2 {[%clk 00:02:18]} {[%emt 00:00:06]}
f5 {[%clk 00:01:33]} {[%emt 00:00:10]} 21. gxf6 {[%clk 00:02:16]} {[%emt
00:00:04]} Bxf6 {[%clk 00:01:35]} 22. Kh2 {[%clk 00:02:16]} {[%emt 00:00:04]}
Kh8 {[%clk 00:01:32]} {[%emt 00:00:04]} 23. Qe2 {[%clk 00:02:12]} {[%emt
00:00:04]} Qf7 {[%clk 00:01:32]} {[%emt 00:00:04]} 24. Qf3 {[%clk 00:02:05]}
{[%emt 00:00:09]} Rg8 {[%clk 00:01:21]} {[%emt 00:00:13]} 25. Rg1 {[%clk
00:02:05]} {[%emt 00:00:03]} Raf8 {[%clk 00:01:21]} {[%emt 00:00:01]} 26. Rxg8+
{[%clk 00:01:59]} {[%emt 00:00:07]} Kxg8 {[%clk 00:01:21]} {[%emt 00:00:02]} 27.
Rg1+ {[%clk 00:01:59]} Kh8 {[%clk 00:01:21]} {[%emt 00:00:04]} 28. Qf5 {[%clk
00:01:54]} {[%emt 00:00:07]} Rg8 {[%clk 00:01:05]} {[%emt 00:00:19]} 29. Rxg8+
{[%clk 00:01:51]} {[%emt 00:00:04]} Kxg8 {[%clk 00:01:06]} 30. Bh6 {[%clk
00:01:48]} {[%emt 00:00:06]} Bg7 {[%clk 00:01:00]} {[%emt 00:00:08]} 31. Qxh7+
{[%emt 00:00:02]} Kf8 32. Qh8+ {[%clk 00:01:47]} {[%emt 00:00:03]} Qg8 {[%clk
00:00:58]} {[%emt 00:00:06]} 33. Bxg7+ {[%clk 00:01:48]} {[%emt 00:00:01]} Kf7
{[%clk 00:00:59]} {[%emt 00:00:01]} 34. Qxg8+ {[%emt 00:00:02]} Kxg8 {[%emt
00:00:01]} 35. Bh6 {[%clk 00:01:44]} {[%emt 00:00:05]} Kf7 {[%clk 00:00:59]}
{[%emt 00:00:03]} 36. Be3 {[%clk 00:01:45]} Nb4 {[%clk 00:00:56]} {[%emt
00:00:06]} 37. c3 {[%clk 00:01:45]} {[%emt 00:00:02]} Na6 {[%clk 00:00:54]}
{[%emt 00:00:04]} 38. f4 {[%clk 00:01:42]} {[%emt 00:00:05]} Nb8 {[%clk
00:00:48]} {[%emt 00:00:08]} 39. fxe5 {[%clk 00:01:42]} {[%emt 00:00:02]} dxe5
{[%clk 00:00:49]} {[%emt 00:00:01]} 40. Bb6 {[%clk 00:01:40]} {[%emt 00:00:04]}
1-0